000 01055nam a22003017a 4500
001 0045180
003 KOHA_MİRAKIL
005 20260207003437.0
007 ta
008 131129b2013 tu |||gr||||#||||0|tur |
020 _a9786056129698
020 _a
_a 6056129691
040 _aTR-BiSEU
_btur
_cTR-BiSEU
_erda
041 0 _atur
044 _ctu
050 _aHT169
_b.I33 2013
245 0 _aIğdır'da sürdürülebilir yaşam kalitesi için kentsel dönüşüm :
_b sunu ve seminer/
_cYayına hazırlayan Raife Y. Eyiler..
264 1 _aİstanbul :
_bİktisadi Araştırmalar Vakfı
_c2013
300 _a184 sayfa: resimli; 23 cm.
336 _ametin
_btxt
_2rdacontent
337 _aaracısız
_bn
_2rdamedia
338 _acilt
_bnc
_2rdacarrier
490 0 _aİktisadi Araştırmalar Vakfı yayın no: 216
650 0 _aKent planlama--Iğdır İli (Türkiye)--Kongreler.
_983313
650 0 _aCity planning--Iğdır Ili (Turkey)--Congresses.
_983314
830 0 _aİktisadi Araştırmalar Vakfı yayın no: 216
_983315
942 _2lcc
_cBK
999 _c45149
_d45149